<?xml version="1.0" encoding="UTF-8"?>
<record
    xmlns:xsi="http://www.w3.org/2001/XMLSchema-instance"
    xsi:schemaLocation="http://www.loc.gov/MARC21/slim http://www.loc.gov/standards/marcxml/schema/MARC21slim.xsd"
    xmlns="http://www.loc.gov/MARC21/slim">

  <leader>02585nam2a22002891  4500</leader>
  <controlfield tag="001">rc\3470529</controlfield>
  <controlfield tag="005">20250610021248.0</controlfield>
  <datafield tag="021" ind1=" " ind2=" ">
    <subfield code="a">RU</subfield>
    <subfield code="b">[72-875]</subfield>
  </datafield>
  <datafield tag="035" ind1=" " ind2=" ">
    <subfield code="a">(NLR Aleph) 007640228</subfield>
  </datafield>
  <datafield tag="090" ind1=" " ind2=" ">
    <subfield code="a">6118009</subfield>
    <subfield code="c">6118009</subfield>
  </datafield>
  <datafield tag="100" ind1=" " ind2=" ">
    <subfield code="a">20130115d1971    |||y0rusy50      ca</subfield>
  </datafield>
  <datafield tag="101" ind1="0" ind2=" ">
    <subfield code="a">rus</subfield>
  </datafield>
  <datafield tag="102" ind1=" " ind2=" ">
    <subfield code="a">RU</subfield>
  </datafield>
  <datafield tag="105" ind1=" " ind2=" ">
    <subfield code="a">y   z   |||||</subfield>
  </datafield>
  <datafield tag="200" ind1="1" ind2=" ">
    <subfield code="a">&#x423;&#x43F;&#x440;&#x430;&#x432;&#x43B;&#x435;&#x43D;&#x438;&#x435; &#x441;&#x43B;&#x43E;&#x436;&#x43D;&#x44B;&#x43C;&#x438; &#x442;&#x435;&#x445;&#x43D;&#x438;&#x43A;&#x43E;-&#x44D;&#x43A;&#x43E;&#x43D;&#x43E;&#x43C;&#x438;&#x447;&#x435;&#x441;&#x43A;&#x438;&#x43C;&#x438; &#x441;&#x438;&#x441;&#x442;&#x435;&#x43C;&#x430;&#x43C;&#x438;</subfield>
    <subfield code="e">(&#x422;&#x435;&#x437;&#x438;&#x441;&#x44B; &#x434;&#x43E;&#x43A;&#x43B;.)</subfield>
    <subfield code="f">[&#x420;&#x435;&#x434;. &#x43A;&#x43E;&#x43B;&#x43B;&#x435;&#x433;&#x438;&#x44F;: &#x43A;&#x430;&#x43D;&#x434;. &#x44D;&#x43A;&#x43E;&#x43D;. &#x43D;&#x430;&#x443;&#x43A; &#x412;.&#x410;. &#x41C;&#x438;&#x43D;&#x435;&#x43D;&#x43A;&#x43E; (&#x43E;&#x442;&#x432;. &#x440;&#x435;&#x434;.) &#x438; &#x434;&#x440;.]</subfield>
    <subfield code="g">&#x426;&#x41A; &#x41B;&#x41A;&#x421;&#x41C;&#x423;. &#x410;&#x41D; &#x423;&#x421;&#x421;&#x420;. &#x41C;-&#x432;&#x43E; &#x432;&#x44B;&#x441;&#x448;. &#x438; &#x441;&#x440;&#x435;&#x434;. &#x441;&#x43F;&#x435;&#x446;. &#x43E;&#x431;&#x440;&#x430;&#x437;&#x43E;&#x432;&#x430;&#x43D;&#x438;&#x44F; &#x423;&#x421;&#x421;&#x420;. &#x423;&#x43A;&#x440;. &#x440;&#x435;&#x441;&#x43F;. &#x441;&#x43E;&#x432;&#x435;&#x442; &#x41D;&#x422;&#x41E;. &#x425;&#x430;&#x440;&#x44C;&#x43A;. &#x43E;&#x431;&#x43A;&#x43E;&#x43C; &#x41B;&#x41A;&#x421;&#x41C;&#x423;. &#x425;&#x430;&#x440;&#x44C;&#x43A;. &#x433;&#x43E;&#x441;. &#x443;&#x43D;-&#x442; &#x438;&#x43C;. &#x410;.&#x41C;. &#x413;&#x43E;&#x440;&#x44C;&#x43A;&#x43E;&#x433;&#x43E;. &#x412;&#x441;&#x435;&#x441;&#x43E;&#x44E;&#x437;. &#x43D;&#x430;&#x443;&#x447;.-&#x438;&#x441;&#x441;&#x43B;&#x435;&#x434;. &#x438;&#x43D;-&#x442; &#x43E;&#x440;&#x433;&#x430;&#x43D;&#x438;&#x437;&#x430;&#x446;&#x438;&#x438; &#x43F;&#x440;&#x43E;&#x438;&#x437;&#x432;&#x43E;&#x434;&#x441;&#x442;&#x432;&#x430; &#x438; &#x442;&#x440;&#x443;&#x434;&#x430; &#x432; &#x447;&#x435;&#x440;&#x43D;&#x43E;&#x439; &#x43C;&#x435;&#x442;&#x430;&#x43B;&#x43B;&#x443;&#x440;&#x433;&#x438;&#x438;. &#x425;&#x430;&#x440;&#x44C;&#x43A;. &#x43F;&#x43E;&#x43B;&#x438;&#x442;&#x435;&#x445;&#x43D;. &#x438;&#x43D;-&#x442; &#x438;&#x43C;. &#x412;.&#x418;. &#x41B;&#x435;&#x43D;&#x438;&#x43D;&#x430;. &#x425;&#x430;&#x440;&#x44C;&#x43A;. &#x43E;&#x431;&#x43B;. &#x441;&#x43E;&#x432;&#x435;&#x442; &#x41D;&#x422;&#x41E;. &#x420;&#x435;&#x441;&#x43F;. &#x43D;&#x430;&#x443;&#x447;.-&#x442;&#x435;&#x445;&#x43D;. &#x43A;&#x43E;&#x43D;&#x444;.</subfield>
  </datafield>
  <datafield tag="210" ind1=" " ind2=" ">
    <subfield code="d">1971</subfield>
    <subfield code="a">&#x411;. &#x43C;.</subfield>
  </datafield>
  <datafield tag="215" ind1=" " ind2=" ">
    <subfield code="a">351 &#x441;.</subfield>
    <subfield code="d">20</subfield>
  </datafield>
  <datafield tag="300" ind1=" " ind2=" ">
    <subfield code="a">&#x41D;&#x430; &#x43E;&#x431;&#x43B;. &#x442;&#x43E;&#x43B;&#x44C;&#x43A;&#x43E; &#x437;&#x430;&#x433;&#x43B;. &#x432;&#x44B;&#x43F;&#x443;&#x441;&#x43A;&#x430;</subfield>
  </datafield>
  <datafield tag="320" ind1=" " ind2=" ">
    <subfield code="a">&#x421;&#x43F;&#x438;&#x441;&#x43A;&#x438; &#x43B;&#x438;&#x442;. &#x432; &#x43A;&#x43E;&#x43D;&#x446;&#x435; &#x434;&#x43E;&#x43A;&#x43B;.</subfield>
  </datafield>
  <datafield tag="461" ind1=" " ind2="0">
    <subfield code="1">001rc\3470527</subfield>
    <subfield code="1">2001#$a&#x41D;&#x430;&#x443;&#x447;&#x43D;&#x43E;-&#x442;&#x435;&#x445;&#x43D;&#x438;&#x447;&#x435;&#x441;&#x43A;&#x438;&#x439; &#x43F;&#x440;&#x43E;&#x433;&#x440;&#x435;&#x441;&#x441; &#x438; &#x43C;&#x43E;&#x43B;&#x43E;&#x434;&#x435;&#x436;&#x44C;$e&#x422;&#x435;&#x437;&#x438;&#x441;&#x44B; &#x434;&#x43E;&#x43A;&#x43B;. &#x443;&#x447;&#x430;&#x441;&#x442;&#x43D;&#x438;&#x43A;&#x43E;&#x432; &#x43D;&#x430;&#x443;&#x447;. &#x43A;&#x43E;&#x43D;&#x444;. &#x414;&#x435;&#x43A;. 1971 &#x433;.$e[&#x412;&#x44B;&#x43F;. 1]-$f&#x426;&#x41A; &#x41B;&#x41A;&#x421;&#x41C; &#x423;&#x43A;&#x440;&#x430;&#x438;&#x43D;&#x44B;. &#x423;&#x43A;&#x440;. &#x440;&#x435;&#x441;&#x43F;. &#x441;&#x43E;&#x432;&#x435;&#x442; &#x41D;&#x422;&#x41E;. &#x425;&#x430;&#x440;&#x44C;&#x43A;. &#x43E;&#x431;&#x43A;&#x43E;&#x43C; &#x43A;&#x43E;&#x43C;&#x441;&#x43E;&#x43C;&#x43E;&#x43B;&#x430;. &#x410;&#x41D; &#x423;&#x421;&#x421;&#x420;. &#x41C;-&#x432;&#x43E; &#x432;&#x44B;&#x441;&#x448;. &#x438; &#x441;&#x440;&#x435;&#x434;. &#x441;&#x43F;&#x435;&#x446;. &#x43E;&#x431;&#x440;&#x430;&#x437;&#x43E;&#x432;&#x430;&#x43D;&#x438;&#x44F; &#x423;&#x421;&#x421;&#x420;. &#x425;&#x430;&#x440;&#x44C;&#x43A;. &#x433;&#x43E;&#x441;. &#x443;&#x43D;-&#x442; &#x438;&#x43C;. &#x410;.&#x41C;. &#x413;&#x43E;&#x440;&#x44C;&#x43A;&#x43E;&#x433;&#x43E;$v&#x412;&#x44B;&#x43F;. 2</subfield>
    <subfield code="9">6117993</subfield>
    <subfield code="c">&#x425;&#x430;&#x440;&#x44C;&#x43A;&#x43E;&#x432;</subfield>
    <subfield code="d">1971-</subfield>
    <subfield code="f">&#x426;&#x41A; &#x41B;&#x41A;&#x421;&#x41C; &#x423;&#x43A;&#x440;&#x430;&#x438;&#x43D;&#x44B;. &#x423;&#x43A;&#x440;. &#x440;&#x435;&#x441;&#x43F;. &#x441;&#x43E;&#x432;&#x435;&#x442; &#x41D;&#x422;&#x41E;. &#x425;&#x430;&#x440;&#x44C;&#x43A;. &#x43E;&#x431;&#x43A;&#x43E;&#x43C; &#x43A;&#x43E;&#x43C;&#x441;&#x43E;&#x43C;&#x43E;&#x43B;&#x430;. &#x410;&#x41D; &#x423;&#x421;&#x421;&#x420;. &#x41C;-&#x432;&#x43E; &#x432;&#x44B;&#x441;&#x448;. &#x438; &#x441;&#x440;&#x435;&#x434;. &#x441;&#x43F;&#x435;&#x446;. &#x43E;&#x431;&#x440;&#x430;&#x437;&#x43E;&#x432;&#x430;&#x43D;&#x438;&#x44F; &#x423;&#x421;&#x421;&#x420;. &#x425;&#x430;&#x440;&#x44C;&#x43A;. &#x433;&#x43E;&#x441;. &#x443;&#x43D;-&#x442; &#x438;&#x43C;. &#x410;.&#x41C;. &#x413;&#x43E;&#x440;&#x44C;&#x43A;&#x43E;&#x433;&#x43E;</subfield>
    <subfield code="n">&#x411;. &#x438;.</subfield>
    <subfield code="o">&#x422;&#x435;&#x437;&#x438;&#x441;&#x44B; &#x434;&#x43E;&#x43A;&#x43B;. &#x443;&#x447;&#x430;&#x441;&#x442;&#x43D;&#x438;&#x43A;&#x43E;&#x432; &#x43D;&#x430;&#x443;&#x447;. &#x43A;&#x43E;&#x43D;&#x444;. &#x414;&#x435;&#x43A;. 1971 &#x433;. : [&#x412;&#x44B;&#x43F;. 1]-</subfield>
    <subfield code="t">&#x41D;&#x430;&#x443;&#x447;&#x43D;&#x43E;-&#x442;&#x435;&#x445;&#x43D;&#x438;&#x447;&#x435;&#x441;&#x43A;&#x438;&#x439; &#x43F;&#x440;&#x43E;&#x433;&#x440;&#x435;&#x441;&#x441; &#x438; &#x43C;&#x43E;&#x43B;&#x43E;&#x434;&#x435;&#x436;&#x44C;</subfield>
    <subfield code="v">&#x412;&#x44B;&#x43F;. 2</subfield>
  </datafield>
  <datafield tag="606" ind1=" " ind2=" ">
    <subfield code="a">&#x41F;&#x440;&#x43E;&#x43C;&#x44B;&#x448;&#x43B;&#x435;&#x43D;&#x43D;&#x44B;&#x435; &#x43F;&#x440;&#x435;&#x434;&#x43F;&#x440;&#x438;&#x44F;&#x442;&#x438;&#x44F;</subfield>
    <subfield code="x">&#x423;&#x43F;&#x440;&#x430;&#x432;&#x43B;&#x435;&#x43D;&#x438;&#x435;</subfield>
    <subfield code="x">&#x41C;&#x430;&#x442;&#x435;&#x43C;&#x430;&#x442;&#x438;&#x447;&#x435;&#x441;&#x43A;&#x438;&#x435; &#x43C;&#x435;&#x442;&#x43E;&#x434;&#x44B;</subfield>
    <subfield code="j">&#x422;&#x435;&#x437;&#x438;&#x441;&#x44B; &#x434;&#x43E;&#x43A;&#x43B;&#x430;&#x434;&#x43E;&#x432; (&#x432;&#x44B;&#x43F;. 2)</subfield>
    <subfield code="2">psbo</subfield>
  </datafield>
  <datafield tag="702" ind1=" " ind2="1">
    <subfield code="a">&#x41C;&#x438;&#x43D;&#x435;&#x43D;&#x43A;&#x43E;</subfield>
    <subfield code="b">&#x412;.&#x410;.</subfield>
    <subfield code="4">340</subfield>
  </datafield>
  <datafield tag="801" ind1=" " ind2="0">
    <subfield code="a">RU</subfield>
    <subfield code="b">NLR</subfield>
    <subfield code="g">psbo</subfield>
  </datafield>
  <datafield tag="801" ind1=" " ind2="1">
    <subfield code="a">RU</subfield>
    <subfield code="b">ELAR</subfield>
    <subfield code="2">rusmarc</subfield>
  </datafield>
  <datafield tag="852" ind1=" " ind2=" ">
    <subfield code="a">NLR</subfield>
    <subfield code="j">71-5/6216</subfield>
  </datafield>
  <datafield tag="942" ind1=" " ind2=" ">
    <subfield code="c">BOOK</subfield>
  </datafield>
  <datafield tag="980" ind1=" " ind2=" ">
    <subfield code="a">NB</subfield>
  </datafield>
  <datafield tag="995" ind1=" " ind2=" ">
    <subfield code="5">2013-10-26</subfield>
    <subfield code="b">NLR01</subfield>
    <subfield code="c">NLR01</subfield>
    <subfield code="e">RF31</subfield>
    <subfield code="f">7640228-10</subfield>
    <subfield code="k">71-5/6216</subfield>
    <subfield code="o">0</subfield>
    <subfield code="r">BOOK</subfield>
    <subfield code="s">7156216_</subfield>
  </datafield>
</record>
